000 00693nam a22002417a 4500
003 UA-OsUOA
001 49747
007 ta
008 20140122b un ||||| |||| 00| 0 ukr d
100 _aДомбровський О.
090 _a82-1
_bД66
942 _cBK
040 _aUA-OsUOA
_bukr
_cUA-OsUOA
_dUA-OsUOA
245 _aЛебедина пісня
300 _a72 с.
955 _a3
041 _aukr
080 _a82-1
260 _aДрогобич
_bКоло
_c2009
650 7 _a82 Література. Літературознавство
_2UDC
999 _c429870
_d429870